000 01700nam0a22002651 4500
001 rc\4958729
005 20260407150031.0
021 _aRU
_b[68-111252]
035 _a(NLR Aleph) 008956874
090 _a9038905
_c9038905
100 _a20130426d1968 |||y0rusy50 ca
101 0 _arus
102 _aRU
105 _aa z |||||
200 1 _aРазработка и внедрение линейных электродвигателей в народном хозяйстве
_e[Материалы науч.-техн. совещания. 21-22 марта 1968 г.]
_fГос. пл. ком. Совета Министров УССР. Укр. науч.-исслед. ин-т науч.-техн. информации и техн.-экон. исследований. Киевский з-д электротранспорта им. Ф.Э. Дзержинского. Киевский политехн. ин-т
210 _aКиев
_cБ. и.
_d1968
215 _a83 с.
_cчерт.
_d22
606 _aЭлектродвигатели
_jСборники
_2psbo
712 0 2 _aНаучно-техническое совещание на тему "Асинхронные электродвигатели с развернутым статором, их применение для трансп. средств и в других отраслях нар. хоз-ва" (1968; Киев)
712 0 2 _aУкраинский НИИ научно-технической информации и технико-экономических исследований
_cКиев
_3RU\NLR\AUTH\8810023920
_9545887
801 0 _aRU
_bNLR
_gpsbo
801 1 _aRU
_bELAR
_2rusmarc
852 _aNLR
_j69-6/1126
942 _cBOOK
980 _aNB